000 01220cam a22003497a 4500
003 CHAP
005 20220329142623.0
008 020514d1987 abd r 00010 spa d
010 _a85720
011 _a86692
035 _a97231
040 _cCHAP
082 0 4 _a332.71
_bB46 1987
110 2 _aBanco Nacional de Crédito Rural, S. A. México
_99882
245 1 0 _aPremio Banrural, 1987
_c/por Banrural
260 _aMéxico, D. F. :
_bBanco Nacional de Crédito Rural, S. A.
_c1987-
300 _av.
590 _aBATCH-UPD
_b10
_c20130110
_lUCH01
_h0950
590 _aBATCH-UPD
_b10
_c20130410
_lUCH01
_h0604
590 _aBATCH-UPD
_b10
_c20130914
_lUCH01
_h1100
590 _aCONVERSION
_b10
_c20130109
_lUCH01
_h1348
650 1 4 _aCrédito agrícola.
_929022
650 1 4 _aDesarrollo rural.
_932067
650 1 4 _aGanadería.
_944604
650 1 4 _aIndustrias agrícolas.
_957925
650 1 4 _aProyectos
_xFinanciamiento.
_992526
901 _aBK
905 _aMarco A. Mendoza T.
942 _cLIBRO
949 _a332.71 B46 1987
_bBC
_cLIBRO
_d33724000850574
_eLIBRO
_fv.1
_gDonaciØn conasupo
_h102554
_i97231
_sb
949 _a332.71 B46 1987
_bBC
_cLIBRO
_d33724000850582
_eLIBRO
_fv.2
_gDonaciØn conasupo
_h102555
_i97231
_sb
999 _c85720
_d85720